| 000 | 01017nam a2200289 a 4500 | ||
|---|---|---|---|
| 001 | 56607 | ||
| 003 | BD-RjUL | ||
| 005 | 20211209080420.0 | ||
| 008 | 161201s1993 nyu b 001 0 eng | ||
| 020 | _a1560244631 (acid free paper) | ||
| 020 | _a156024464X (pbk. : acid free paper) | ||
| 035 | _a(BD-RjUL)56731 | ||
| 040 |
_aDLC _cDLC _dDLC _beng |
||
| 041 | _aeng | ||
| 082 | 0 | 0 |
_a025.10973 _223 _bINT 1993 |
| 245 | 0 | 1 |
_aIntegrating total quality management in a library setting / _cSusan Jurow, Susan B. Barnard, editors. |
| 260 |
_aNew York : _bHaworth Press, _cc1993. |
||
| 300 |
_a201 p. ; _c23 cm. |
||
| 500 | _aPublished also as v. 18, numbers 1-2 of Journal of library administration. | ||
| 504 | _aIncludes bibliographical references and index. | ||
| 650 | 0 |
_aLibrary administration _zUnited States. _9168363 |
|
| 650 | 0 |
_aTotal quality management _zUnited States. _9168364 |
|
| 700 | 1 |
_aJurow, Susan. _9168365 |
|
| 700 | 1 |
_aBarnard, Susan B. _9168366 |
|
| 942 |
_2ddc _cBK |
||
| 999 |
_c56607 _d56607 |
||